| 000 | 00595nam a2200253Ia 4500 | ||
|---|---|---|---|
| 008 | 171025s9999 xx 000 0 und d | ||
| 020 | _a9780746098288 | ||
| 050 | _a796.3 | ||
| 050 | _bS543 2008 | ||
| 100 | _aMiller, Jonathan | ||
| 245 | _a50 soccer skills / | ||
| 245 | _cby Jonathan Miller. | ||
| 260 | _aEngland : | ||
| 260 | _bUsborne, | ||
| 260 | _c2008 | ||
| 300 | _a103 pages : | ||
| 300 | _bcolored illustrations ; | ||
| 300 | _c18cm. | ||
| 500 | _aIncludes index. | ||
| 650 | _aSoccer -- | ||
| 650 | _aSoccer. | ||
| 650 | _xJuvenile lierature. | ||
| 700 | _aTitle. | ||
| 999 |
_c344559 _d344559 |
||